000 00927cam a2200253 a 4500
001 000005283
005 20200929151630.0
008 910730s1990 sp b 001 1 spa
020 _a8437609321
040 _aDO-SdBNP
_cDLC
082 _a862.62
_bN523b
100 1 _aNeville, Edgar,
_cconde de Berlanga de Duero,
_d1899-1967.
_97463
245 1 3 _aEl baile :
_bla vida en un hilo /
_cEdgar Neville ; edición, Ma. Luisa Burguera.
260 _aMadrid :
_bCátedra,
_c1990.
300 _a215, [7] p. ;
_c18 cm.
440 0 _aLetras hispánicas ;
_v322
_94208
504 _aIncluye referencias bibliográficas (p. 85-90).
650 4 _aTeatro español
_93071
650 4 _aLiteratura española
_9632
600 1 4 _aNEVILLE, EDGAR,
_cCONDE DE BERLANGA DE DUERO,
_d1899-1967
_xCRÍTICA E INTERPRETACIÓN
_915044
700 1 _aBurguera, Ma. Luisa,
_eed.
_q(Maria Luisa)
_915045
910 _aCatalogación por copia / LC
910 _aWM
999 _c5084
_d5084